Module theory : an approach to linear algebra /
Guardado en:
| Autor Principal: | |
|---|---|
| Formato: | Libro |
| Idioma: | English |
| Publicado: |
Oxford :
Clarendon Press,
1977.
|
| Materias: | |
| Etiquetas: |
Agregar Etiqueta
Sin Etiquetas, Sea el primero en etiquetar este registro!
|
| LEADER | 01405cam a2200229 a 4500 | ||
|---|---|---|---|
| 001 | MAT.inmabb002710 | ||
| 008 | 770411s1977####enk###########001#0#eng## | ||
| 005 | 20130301103306.0 | ||
| 245 | 1 | 0 | |a Module theory : |b an approach to linear algebra / |c T. S. Blyth. |
| 260 | |a Oxford : |b Clarendon Press, |c 1977. | ||
| 300 | |a vi, 400 p. ; |c 24 cm. | ||
| 505 | 0 | |a 1. Modules; vector spaces; algebras -- 2. Submodules; intersections and sums -- 3. Morphisms; exact sequences -- 4. Quotient modules; isomorphism theorems -- 5. Chain conditions; Jordan-Hölder towers -- 6. Products and coproducts -- 7. Free modules; bases -- 8. Groups of morphisms; projective modules -- 9. Duality; transposition -- 10. Matrices; linear equations -- 11. Inner product spaces -- 12. Injective modules -- 13. Tensor products; flat modules -- 14. Tensor products (commutative ground ring); tensor algebras -- 15. Exterior powers; exterior algebras; determinants -- 16. Modules over a principal ideal domain; finitely generated abelian groups -- 17. Vector space decomposition theorems; canonical forms under similarity. | |
| 510 | 4 | |a MR, |c 58 #10982 | |
| 020 | |a 0198531621 | ||
| 100 | 1 | |a Blyth, T. S. |q (Thomas Scott) | |
| 650 | 0 | |a Modules (Algebra) | |
| 650 | 0 | |a Vector spaces. | |
| 650 | 0 | |a Algebras, Linear. | |
| 084 | |a 16-01 (15-01) |2 msc2000 | ||
| 010 | |a 77006377 | ||
| 040 | |a DLC |c DLC |d DLC | ||
| 859 | |h 16 |i B661 |p A-5160 |b BIB. MATEMATICA | ||
